« Retourner aux résultats de recherche
Innombrables histoires du pantalon de Moriba (Les)
| Auteur principal: | Jean-Christophe Berche |
|---|---|
| D'autres auteurs: | Laurence Clément |
| D'autres auteurs: | Gilles Perrault |
| Support: | Livres |
| Langue: | Francais |
| Publié: |
2010 Petit à petit Darnéral |
| Genre: |
Conte |
| Sujets: | |
| Étiquettes: |
Ajouter
Pas de Tags !
|
| LEADER | 01027nam0a2200217 450 | ||
|---|---|---|---|
| 001 | 16847120 | ||
| 010 | |a 978-2-84949-208-6 |b Cart. |d 14,9 | ||
| 100 | |a 20101212d2010 u u0frey01 ba | ||
| 101 | 0 | |a fre | |
| 102 | |a FR | ||
| 200 | 0 | |a Innombrables histoires du pantalon de Moriba (Les) |f textes de Jean-Christophe Berche |g illustrations de Laurence Clément - préface Gilles Perrault | |
| 207 | 1 | |a | |
| 210 | |a Darnéral |c Petit à petit |d 2010 | ||
| 215 | |a 1 vol. |c ill en coul |d 35 cm | ||
| 330 | |a Un recueil de contes inspirés d'un conte traditionnel africain. Les deux parties, haut et bas, de chaque page, peuvent être associées de différentes manières afin d'avoir un début et une fin à chaque fois différente pour chaque histoire. | ||
| 700 | 0 | |a Berche |b Jean-Christophe |4 70 | |
| 701 | 0 | |a Clément |b Laurence |4 440 | |
| 702 | 0 | |a Perrault |b Gilles |f 1931-.... |4 80 | |
| 900 | |a Conte | ||
| 901 | |a Accessible au prêt | ||
| 995 | |a Bibliothèque |c Bibliothèque |f 00156008194219 |h 00156008194219 |k C BER |o p |q j |r az |e Bibliothèque | ||
